| 000 | 00648nam a22002537a 4500 | ||
|---|---|---|---|
| 001 | BR9402724 | ||
| 003 | BR-BrBNA | ||
| 005 | 20230928094155.0 | ||
| 007 | ta | ||
| 008 | 230509b bl.||||| |||| 00| 0 por d | ||
| 040 |
_aBR-BrBNA _bpor _cBiblioteca Nacional de Agricultura |
||
| 041 | _a(Por) | ||
| 072 | _aD50; E11 | ||
| 090 | _ D50 BR9402724 | ||
| 100 | 1 | _aMaia, J.M. | |
| 245 | 1 | _aEstatuto da terra; comentado | |
| 250 | 1 | _a2. ed. | |
| 260 | 3 |
_aRio de Janeiro, RJ (Brasil): _bMadri, _c1967. |
|
| 300 | _a408 p. | ||
| 650 | _aLegislacao Agraria | ||
| 650 | _aEstatuto da Terra | ||
| 909 |
_a202309 _bLucia _c55 _dLucia Elande |
||
| 942 | _cBK | ||
| 999 |
_c49221 _d49221 |
||